01537nam a2200349 a 4500001001000000003000500010005001700015008004100032010001100073011001100084040000900095090001000104100004000114245020000154260004100354500006000395502008500455590004100540590004000581590004000621650004200661650003200703650002600735650003800761856007000799901000700869942001000876942000600886999001900892952013600911952014001047000109709CHAP20220329144101.0140521s2014 mx a sm |||||||spa d a106171 a107143 cCHAP aTesis1 aGonzález Machorro, Emilia912695910aInteracciones bióticas de la cochinilla silvestre Dactylopius opuntiae Cockerell (Homóptera: dactylopiidae), en una plantación de nopal tuneroh[En línea]cpor Emilia González Machorro. aChapingo, Méx. :bEl autor,c2014. aPara ver el contenido del material haga clic en la liga aTesis (Ing. Agr. Esp. en Agroecología) -- UACH. Departamento de Agroecología aBATCH-UPDb05c20141002lUCH01h0904 aE5652GLJb05c20140521lUCH01h0957 aE5652GLJb05c20140521lUCH01h095714aControl biológico de plagas.92758714aNopalxEnfermedades.98166714aNopalxPlagas.98168914aPlagasxIdentificación.9126573 aFinding aiduhttp://10.13.5.2/tesis/sist109709.pdfzTeclea aquí aBK cTESIS n0 c106171d106171 00104054718TESISaBCbBCd2014-05-21fTESISl0oTesisp33724002407850r2019-12-31 00:00:00w2019-12-31yTESISzRecien adquirido 00102local4053708TESISaBCbBCcPA_TESISd2014-05-21fTESISl0oTesisp33724002407892r2019-12-31 00:00:00tc.2w2019-12-31yTESIS